| 000 | 01732nam a22003137a 4500 | ||
|---|---|---|---|
| 005 | 20111122110014.0 | ||
| 008 | 111122t xxu||||| |||| 00| 0 eng d | ||
| 010 | _aENG-104163 | ||
| 020 |
_a9788132106531 _c750.00 |
||
| 035 | _aEN-87696 | ||
| 037 | _bDBAD/PUB | ||
| 040 |
_aDPL _bEng |
||
| 082 | 0 | 0 |
_a362.280954552091734 _223 |
| 100 | 1 |
_aSidhu, Aman _935994 |
|
| 245 | 1 | 0 |
_aDebt and death in rural India : _bthe Punjab story / _cby Aman Sidhu with Inderjit Singh Jaijee. |
| 260 |
_aNew Delhi _bSAGE Publications _c2011 |
||
| 270 |
_aB1/I-1 Mohan Cooperative Industrial Area Mathura Road _bNew Delhi _e110044 |
||
| 300 |
_axx,335p. _c23cm (Hb) |
||
| 500 | _aIncludes bibliographical references and index. | ||
| 505 | 0 | _aIntroduction -- Punjab's land, rivers and climate -- Cultural profile of Moonak subdivision -- Dispute over Punjab's river waters -- History of southeast Punjab -- The demand for federalism -- Punjab versus the central government steamroller -- Quantification of suicides -- A problem does not exist if you don't look at it -- Rehabilitation and compensation -- Survival strategies -- Afterword -- Appendices -- Index. | |
| 650 | 0 |
_aFarmers _xSuicidal behaviour _zIndia _zPunjab. _935995 |
|
| 650 | 0 |
_aFarmers _zIndia _zPunjab _xEconomic conditions. _935996 |
|
| 650 | 0 |
_aWater-supply _zIndia _zPunjab. _935997 |
|
| 650 | 0 |
_aAgriculture and state _zIndia _zPunjab. _935998 |
|
| 700 | 1 |
_aJaijee, Inderjit Singh _d1931- _935999 |
|
| 942 |
_2ddc _cEN _h362.280954552091734 _mSID |
||
| 999 |
_c58590 _d58590 |
||